000 00523nam a2200217Ia 4500
999 _c65486
_d65486
003 0100
005 20170801111842.0
008 130303s9999 xx 000 0 und d
020 _a1844650553
040 _cARRUPELIB
050 _aB829.5.C414
100 _aCerbone, David R.
_920055
245 _aUnderstanding Phenomelogy
260 _bAcumen
_aStocksfield
_c2006
300 _a190
300 _b 21cm
440 _aUnderstanding movements in modern thought
_95557
650 _aPhenomenology
_934156
942 _2lcc
_01
_cMONOGRAPH